Использование компьютерных технологий в изучении процессов подтопления на территории города Томска; Проблемы геологии и освоения недр

Λεπτομέρειες βιβλιογραφικής εγγραφής
Parent link:Проблемы геологии и освоения недр.— 2004.— С. 825-828
Κύριος συγγραφέας: Покровский В. Д. Виталий Дмитриевич
Άλλοι συγγραφείς: Кузеванов К. К. Константин Константинович (научный руководитель), Кузеванов К. И., Никонов В. Б.
Γλώσσα:Ρωσικά
Έκδοση: 2004
Θέματα:
Μορφή: Κεφάλαιο βιβλίου
KOHA link:https://koha.lib.tpu.ru/cgi-bin/koha/opac-detail.pl?biblionumber=213384

MARC

LEADER 00000naa2a2200000 4500
001 213384
005 20231031193101.0
035 |a (RuTPU)RU\TPU\book\233164 
090 |a 213384 
100 |a 20120409d2004 k y0rusy50 ca 
101 0 |a rus 
102 |a RU 
200 1 |a Использование компьютерных технологий в изучении процессов подтопления на территории города Томска  |f В. Д. Подковский, К. К. Кузеванов  |g науч. рук. К. И. Кузеванов ; науч. рук. В. Б. Никонов 
320 |a Библиогр.: 5 назв. 
463 0 |0 (RuTPU)RU\TPU\book\77451  |y 5-89503-079-3  |t Проблемы геологии и освоения недр  |o труды Восьмого Международного симпозиума имени ак. М. А. Усова студентов и молодых ученых, посвященного 400-летию г. Томска, 5-9 апреля 2004 г., Томск  |f Администрация г. Томска; Томский политехнический университет  |v С. 825-828  |d 2004  |p 913 с. 
610 1 |a компьютерные технологии 
610 1 |a исследование 
610 1 |a подтопление 
610 1 |a территории 
610 1 |a Томск 
610 1 |a городские территории 
610 1 |a труды учёных ТПУ 
700 1 |a Покровский  |b В. Д.  |c специалист в области организации высшего профессионального образования, геолог  |c аналитик Томского политехнического университета  |f 1989-  |g Виталий Дмитриевич  |2 stltpush  |3 (RuTPU)RU\TPU\pers\32035 
701 1 |a Кузеванов  |b К. К.  |c гидрогеолог  |c инженер Томского политехнического университета  |f 1981-  |g Константин Константинович  |2 stltpush  |3 (RuTPU)RU\TPU\pers\29630 
702 1 |a Кузеванов  |b К. И.  |4 727 
702 1 |a Никонов  |b В. Б.  |4 727 
801 1 |a RU  |b 63413507  |c 20120409 
801 2 |a RU  |b 63413507  |c 20160504  |g RCR 
942 |c BK